| 000 | 01113 a2200229 4500 | ||
|---|---|---|---|
| 003 | Nust | ||
| 005 | 20230123092814.0 | ||
| 010 | _a 77004317 | ||
| 020 | _a0126350507 | ||
| 040 | _cNust | ||
| 082 | 0 | 0 | _a370.2854,COM |
| 245 | 1 | 0 |
_aComputers and communication: implications for education / _cedited by Robert J. Seidel and Martin Rubin. |
| 260 |
_aNew York : _bAcademic Press, _c1977. |
||
| 300 |
_axx, 409 p. : _bill. ; _c24 cm. |
||
| 505 | _aSession 1:- LSI Technology and 1985 Educational Computing Systems (Page-35), Session 2:- Storage Technology (Page-93), Session 3:- What Development in Communications (Page-141), Session 4:- If the Machine Gets Smarter (Page-237), How Will Improvements in Man Machine Interface Affect Learning (Page-287), Panel Lesson (Page-403). | ||
| 650 | 0 |
_aCommunication in education _xCongresses. _9107335 |
|
| 650 | 0 |
_aEducational technology _xCongresses. _9107336 |
|
| 650 | 0 |
_aSchool management and organization _xData processing _xCongresses. _9107337 |
|
| 700 | 1 |
_aRubin, Martin L. _9107338 |
|
| 700 | 1 |
_aSeidel, Robert J., _d1931- _9107339 |
|
| 942 |
_2ddc _cBK _k370.2854,COM |
||
| 999 |
_c185792 _d185792 |
||